000 00646nam a22002177a 4500
003 BCEG
005 20260116122844.0
008 260116s1976 mx |||||||||||||||||spa d
040 _aBCEG
_bspa
_cBCEG
082 0 4 _a809.3872
_bQ110q
245 1 3 _aEl que la hace la paga.
246 _aOcho detectives célebres.
260 _aMéxico :
_bPromotora de Ediciones y Publicaciones,
_c1976.
300 _a182 p.
490 _aLecturas para una Hora.
500 _aOcho detectives célebres --En cubierta.
541 _aDonación.
650 1 4 _aCuentos policiacos y de misterio.
700 1 _aLeñero, Vicente,
_d1933-2014,
_ecomp.
942 _cBK
999 _c437018
_d437018